000 00496nam a2200133Ia 4500
008 220216s9999 xx 000 0 und d
100 _aAnnamalainathan K
245 0 _aSeasonal changes in xylem sap flow rate in mature rubber trees
260 _bIRC 2012. International Rubber Conference, 28-31 October 2012, Kovalam, India, Rubber Research Institute of India, Kottayam and IRRDB, Malaysia: Abstracts. pp.204-205.
700 _aAlam B
700 _aJacob J
700 _aJoseph J
942 _cBS
999 _c49877
_d49877